书目信息 |
| 题名: |
一学就会·作文秘籍
|
|
| 作者: | 学而思教研中心 编著 | |
| 分册: | ||
| 出版信息: | 北京 现代教育出版社 2019.09 |
|
| 页数: | 132页 | |
| 开本: | 26cm | |
| 丛书名: | ||
| 单 册: | ||
| 中图分类: | G624.243 | |
| 科图分类: | ||
| 主题词: | 作文课--小学--教学参考资料 | |
| 电子资源: | ||
| ISBN: | 978-7-5106-7434-1 | |
| 000 | 01041nam0 2200229 450 | |
| 001 | 0103152647 | |
| 005 | 20201103152730.0 | |
| 010 | @a978-7-5106-7434-1@dCNY29.80 | |
| 100 | @a20190822d2019 em y0chiy0110 ea | |
| 101 | 0 | @achi |
| 102 | @aCN@b110000 | |
| 105 | @ay z 000yy | |
| 106 | @ar | |
| 200 | 1 | @a一学就会·作文秘籍@Ayi xue jiu hui · zuo wen mi ji@f学而思教研中心编著 |
| 210 | @a北京@c现代教育出版社@d2019.09 | |
| 215 | @a132页@d26cm | |
| 330 | @a本书为小学语文四年级教辅。一听到“作文”两个字,你的反应是什么?枯燥?词穷?乱煽情?还是临阵磨枪,“他山之石”加以改装?……本套书方法技巧与趣味同在,在“一学就会”上下足功夫,根据新课标读写能力培养标准,《一学就会·作文秘籍4年级》的三个板块“方法讲透”“素材攒够”“范文补漏”真正让你走进作文。“高山仰止”会根据3年级的学习重点向同学们推送名家名作,让同学们感知语言之美。 | |
| 606 | 0 | @a作文课@x小学@j教学参考资料 |
| 690 | @aG624.243@v5 | |
| 701 | 0 | @a学而思教研中心@Axue er si jiao yan zhong xin@4编著 |
| 801 | 0 | @aCN@bBJSZM@c20201103 |
| 905 | @b1255886-90@dG624.243@e1035@f5 | |
| 一学就会·作文秘籍/学而思教研中心编著.-北京:现代教育出版社,2019.09 |
| 132页;26cm |
| ISBN 978-7-5106-7434-1:CNY29.80 |
| 本书为小学语文四年级教辅。一听到“作文”两个字,你的反应是什么?枯燥?词穷?乱煽情?还是临阵磨枪,“他山之石”加以改装?……本套书方法技巧与趣味同在,在“一学就会”上下足功夫,根据新课标读写能力培养标准,《一学就会·作文秘籍4年级》的三个板块“方法讲透”“素材攒够”“范文补漏”真正让你走进作文。“高山仰止”会根据3年级的学习重点向同学们推送名家名作,让同学们感知语言之美。 |
| ● |
| 相关链接 |
|
|
|
|
正题名:一学就会·作文秘籍
索取号:G624.243/1035
 
预约/预借
| 序号 | 登录号 | 条形码 | 馆藏地/架位号 | 状态 | 备注 |
| 1 | 1255886 | 212558864 | 第一样本阅览室/ [索取号:G624.243/1035] | 在馆 | |
| 2 | 1255887 | 212558873 | 教育系资料室/ [索取号:G624.243/1035] | 在馆 | |
| 3 | 1255888 | 212558882 | 教育系资料室/ [索取号:G624.243/1035] | 在馆 | |
| 4 | 1255889 | 212558891 | 第四借阅区/ [索取号:G624.243/1035] | 在馆 | |
| 5 | 1255890 | 212558908 | 第四借阅区/ [索取号:G624.243/1035] | 在馆 |